000 02234cam a2200349 i 4500
001 17946680
003 OSt
005 20210909151022.0
008 131119s2014 njua b 001 0 eng
010 _a 2013046037
020 _a9781118720929 (hardback)
038 _akhadija
040 _aDLC
_beng
_cDLC
_erda
_dDLC
042 _apcc
050 0 0 _aTJ828
_b.L53 2014
082 0 0 _a333.92
_223
_bLYA
084 _aSCI024000
_2bisacsh
100 1 _aLi︠a︡tkher, V. M.
_q(Viktor Mikhaĭlovich)
_eauthor.
_982361
245 1 0 _aWind Power :
_bTurbine Design, Selection, and Optimization /
_cVictor Lyatkher.
300 _avii, 311 pages :
_billustrations ;
_c25 cm
504 _aIncludes bibliographical references and indexes.
520 _a"Wind power is the most mature technology of the major sources of renewable energy that have been developed, and more efficient and cost-effective techologies and materials are constantly being sought for turbines and the equipment used on them. Here is a comprehensive and thorough review of the engineering pros and cons for using different kinds of wind turbines in different areas, including offshore. With a full technical knowledge, engineers, managers, and other decision-makers in the wind energy industry can make more informed decisions about increasing capacity, cost-efficiency, and longevity. Covering the various types of wind turbines available, such as new collinear windmills, orthogonal turbines, and others, this highly technical treatment of wind turbines offers engineers, students, and researchers insight into the practical applications of these turbines and their potential for maximum efficiency. "--
563 _ahardcover
650 0 _aWind turbines.
_982362
650 0 _aWind power.
_93446
650 7 _aSCIENCE / Energy.
_2bisacsh
_93461
776 0 8 _iOnline version:
_aLi︠a︡tkher, V. M. (Viktor Mikhaĭlovich) author.
_tWind power
_dHoboken, New Jersey : John Wiley & Sons, [2014]
_z9781118721117
_w(DLC) 2013046558
856 4 2 _3Cover image
_uhttp://catalogimages.wiley.com/images/db/jimages/9781118720929.jpg
906 _a7
_bcbc
_corignew
_d1
_eecip
_f20
_gy-gencatlg
942 _2ddc
_cBK
999 _c33809
_d33809